Riconosci il Pokémon - Quiz n°1017 - Statistics

Statistiche generali
  • Questo quiz è stato fatto 2 volte
  • Il punteggio medio è 10 su 10
Statistiche sulle risposte
Indizio Risposta % Corretto
Altezza 1,5 m; 1,8 m (Megaevoluzione)
100%
Peso 40,2 kg; 44,0 kg (Megaevoluzione)
100%
Tasso di cattura 45 (11.9%)
100%
Sesso 50% ♂, 50% ♀
100%
Tipo Elettro
100%
Tasso di allevamento Lento
100%
Pokémon Manectric
100%
Stadio evoluzione Prima evoluzione
100%
Abilità Statico; Parafulmine; Meno; Prepotenza (Megaevoluzione)
100%
Generazione Terza
100%
Nessun quiz corrispondente trovato
Distribuzione punteggi
Percentuale di utenti per punteggio
Percentile per numero di risposta
I tuoi punteggi nel tempo
Non hai fatto questo quiz